Distritos da Zona Leste de São Paulo - Statistics

Estatísticas Gerais
  • Esse quiz foi jogado 51 vezes
  • A pontuação média é 22 de 33
Respostas no mapa
Respostas codificadas por cores de uma escala verde-vermelha no mapa do quiz de acordo com a % correta abaixo.
 
Estatísticas das Respostas
% Correto
Itaquera
95%
Tatuapé
95%
Mooca
89%
Brás
87%
Itaim Paulista
84%
Penha
82%
Guaianases
79%
São Mateus
79%
Ermelino Matarazzo
76%
Aricanduva
74%
Belém
74%
Carrão
74%
Vila Matilde
74%
Artur Alvim
71%
Cidade Tiradentes
71%
São Miguel
71%
Sapopemba
71%
Vila Prudente
71%
Cangaiba
63%
Iguatemi
63%
José Bonifácio
63%
Cidade Líder
61%
São Lucas
58%
São Rafael
58%
Vila Formosa
58%
Água Rasa
55%
Lajeado
55%
Parque do Carmo
55%
Pari
53%
Jardim Helena
47%
Ponte Rasa
45%
Vila Curuçá
42%
Vila Jacuí
42%
Nenhum quiz correspondente encontrado
Distribuição das Pontuações
Porcentagem de Pessoas com Cada Pontuação
Percentil de Números Respondidos
Sua Pontuação Histórica
Você não jogou esse quiz